[Event "EU-ch Hybrid U10 Girls"]
[Site "Tornelo INT"]
[Date "2021.10.15"]
[Round "4"]
[White "Kuzmina, Sofya Vl"]
[Black "Bubnova, Uliana"]
[Result "0-1"]
[WhiteElo "1102"]
[BlackElo "1333"]
[PlyCount "108"]
[EventDate "2021.10.15"]
[EventType "swiss"]
[EventRounds "9"]
[EventCountry "NET"]
[SourceTitle "EXT 2023"]
[Source "ChessBase"]
[SourceDate "2022.10.05"]
[SourceVersion "1"]
[SourceVersionDate "2022.10.05"]
[SourceQuality "1"]
[WhiteTeam "Russia"]
[BlackTeam "Russia"]
[WhiteTeamCountry "RUS"]
[BlackTeamCountry "RUS"]

1. d4 d5 2. c4 e6 3. g3 c5 4. Bg2 cxd4 5. cxd5 exd5 6. Qxd4 Be6 7. Nf3 Nc6 8. Qd1 Nf6 9. 0-0 Be7 10. Nc3 0-0 11. b3 Qc7 12. Bb2 Rad8 13. Rc1 Qd7 14. Nd4 Bh3 15. Nxc6 bxc6 16. Qd4 Bxg2 17. Kxg2 c5 18. Qa4 Qb7 19. Qb5 Qa8 20. Kg1 Qc8 21. Kg2 Qe6 22. Qd3 c4 23. Qd4 cxb3 24. axb3 a6 25. f4 Rc8 26. f5 Qd7 27. Rcd1 Bc5 28. Qa4 Qb7 29. Kh3 d4 30. Nb1 Qe4 31. Rf2 Qc2 32. Rff1 Qxe2 33. Bxd4 Qg4+ 34. Kg2 Bxd4 35. Qxd4 Rc2+ 36. Rf2 Rxf2+ 37. Kxf2 Qxf5+ 38. Kg2 Qc2+ 39. Qd2 Qxb3 40. Qd3 Qb6 41. Nc3 Ng4 42. Rd2 Ne3+ 43. Kf3 Re8 44. Ne4 Nf5 45. g4 Nh4+ 46. Kg3 Ng6 47. Qf3 Qg1+ 48. Kh3 Ne5 49. Qf4 Ng6 50. Qf3 a5 51. Rf2 Rf8 52. Ng5 Ne5 53. Qf5 g6 54. Qf4 Nd3 0-1